Protocolo al Tratado General de Integración Económica Centroamericana; medidas de emergencia de defensa de la balanza de pagos

Salvato in:
Dettagli Bibliografici
Ente Autore: Secretaría Permanente del Tratado General de Integración Económica Centroamericana
Natura: testo
Pubblicazione: Guatemala: SIECA
Tags: Aggiungi Tag
Nessun Tag, puoi essere il primo ad aggiungerne!!

MARC

LEADER 00000 a a2200000 04500
001 17784
003
040 |a CRAI/IIS  |c CRAI/IIS 
090 |a 0001 S446p  
110 |a Secretaría Permanente del Tratado General de Integración Económica Centroamericana  
245 |a Protocolo al Tratado General de Integración Económica Centroamericana; medidas de emergencia de defensa de la balanza de pagos  
260 |a Guatemala:   |b SIECA  
300 |a 27 p.  
999 |c 17723  |d 17723